000 00326nam a22001217a 4500
008 160429b xxu||||| |||| 00| 0 eng d
020 _a9780781717571
020 _a0781717574
041 _aeng
080 _a618.2
245 _aMonaging and coordinating nursing care:
_cJanice Rider Ellis; Celia Love Hartley;
942 _2udc
_cBK
999 _c1671
_d1671